Портрет Петровского времени: каталог выставки

Библиографические подробности
Корпоративные авторы: Государственная Третьяковская галерея, Государственный русский музей
Другие авторы: Волков Б. Л. (редактор)
Язык:русский
Опубликовано: Ленинград, Государственный Русский музей, 1973
Предметы:
Формат: Книга
Запись в KOHA:https://koha.lib.tpu.ru/cgi-bin/koha/opac-detail.pl?biblionumber=245740

MARC

LEADER 00000nam0a2200000 4500
001 245740
005 20231101232142.0
035 |a (RuTPU)RU\TPU\book\267165 
090 |a 245740 
100 |a 20131115d1973 m y0rusy50 ca 
101 0 |a rus 
102 |a RU 
105 |a a z 001zy 
200 1 |a Портрет Петровского времени  |e каталог выставки  |f Государственная Третьяковская галерея ; Государственный русский музей ; под ред. Б. Л. Волкова 
210 |a Ленинград  |c Государственный Русский музей  |d 1973 
215 |a 282 с.  |c ил. 
320 |a Указатель художников: с. 280-282. 
606 1 |a Портретная живопись  |2 stltpush  |3 (RuTPU)RU\TPU\subj\70538  |9 84775 
610 1 |a 17 век 
610 1 |a 18 век 
610 1 |a Россия 
610 1 |a живопись 
610 1 |a выставки 
610 1 |a каталоги 
675 |a 75.041(064)  |v 3 
702 1 |a Волков  |b Б. Л.  |4 340 
712 0 2 |a Государственная Третьяковская галерея  |2 stltpush  |3 (RuTPU)RU\TPU\col\11295  |9 25022 
712 0 2 |a Государственный русский музей  |2 stltpush  |3 (RuTPU)RU\TPU\col\12490  |9 25433 
801 1 |a RU  |b 63413507  |c 20131115 
801 2 |a RU  |b 63413507  |c 20131120  |g RCR 
942 |c BK